चापटपोळी. (Record no. 1348395)

MARC details
000 -LEADER
fixed length control field 00529nam a2200181Ia 4500
008 - FIXED-LENGTH DATA ELEMENTS--GENERAL INFORMATION
fixed length control field 151202s9999||||xx |||||||||||||| ||und||
082 ## - DEWEY DECIMAL CLASSIFICATION NUMBER
Item number PNVM-83570
100 ## - MAIN ENTRY--PERSONAL NAME
Personal name कणेकर शिरीष.
245 ## - TITLE STATEMENT
Title चापटपोळी.
260 ## - PUBLICATION, DISTRIBUTION, ETC. (IMPRINT)
Name of publisher, distributor, etc दिलिप प्रकाशन.
260 ## - PUBLICATION, DISTRIBUTION, ETC. (IMPRINT)
Date of publication, distribution, etc 2014
300 ## - PHYSICAL DESCRIPTION
Extent 232
600 ## - SUBJECT ADDED ENTRY--PERSONAL NAME
Personal name कणेकर शिरीष.
630 ## - SUBJECT ADDED ENTRY--UNIFORM TITLE
Uniform title चापटपोळी.
700 ## - ADDED ENTRY--PERSONAL NAME
Personal name कणेकर शिरीष.
730 ## - ADDED ENTRY--UNIFORM TITLE
Uniform title चापटपोळी.
942 ## - ADDED ENTRY ELEMENTS (KOHA)
Koha item type Book

No items available.